书目信息 |
| 题名: |
Excel 2002中文版快捷教程
|
|
| 作者: | ;东方人华 编著 | |
| 分册: | ||
| 出版信息: | 北京 清华大学出版社 2001.06 |
|
| 页数: | 185页 | |
| 开本: | 23cm | |
| 丛书名: | 微软 (中国) 公司Office产品组推荐短训教材 | |
| 单 册: | ||
| 中图分类: | TP391.13 | |
| 科图分类: | ||
| 主题词: | 电子表格系统--教材 , 电子表格系统 | |
| 电子资源: | ||
| ISBN: | 7-302-04536-4 | |
| 000 | 00935nam 2200265 450 | |
| 001 | 0149430484 | |
| 005 | 20050910150123.90 | |
| 010 | @a7-302-04536-4@dCNY20.00 | |
| 100 | @a20050212d2001 km y0chiy0120 ea | |
| 101 | 0 | @achi |
| 102 | @aCN@b110000 | |
| 105 | @aa z 000yy | |
| 200 | 1 | @aExcel 2002中文版快捷教程@AExcel 2002 zhong wen ban kuai jie jiao cheng@f东方人华编著@Fdong fang ren hua bian zhu |
| 210 | @a北京@c清华大学出版社@d2001.06 | |
| 215 | @a185页@c图@d23cm | |
| 225 | 2 | @a微软 (中国) 公司Office产品组推荐短训教材 |
| 330 | @a本书内容包括:初识Excel 2002中文版、编辑工具表、格式化工作表、数据运算、管理工作和工作簿和图形与图表等。 | |
| 410 | 0 | @12001 @a微软 (中国) 公司Office产品组推荐短训教材 |
| 606 | 0 | @a电子表格系统@j教材 |
| 606 | 0 | @a电子表格系统 |
| 610 | 0 | @aExcel |
| 690 | @aTP391.13@v4 | |
| 711 | 02 | @a东方人华@Adong fang ren hua@4编著 |
| 801 | 0 | @aCN@bQSSK@c20050910 |
| 905 | @a10447@dTP391.13@eD662 | |
| Excel 2002中文版快捷教程/东方人华编著.-北京:清华大学出版社,2001.06 |
| 185页:图;23cm.-(微软 (中国) 公司Office产品组推荐短训教材) |
| ISBN 7-302-04536-4:CNY20.00 |
| 本书内容包括:初识Excel 2002中文版、编辑工具表、格式化工作表、数据运算、管理工作和工作簿和图形与图表等。 |
| ● |
| 相关链接 |
|
|
|
正题名:Excel 2002中文版快捷教程
索取号:TP391.13/D662
 
预约/预借
| 序号 | 登录号 | 条形码 | 馆藏地/架位号 | 状态 | 备注 |
| 1 | 568505 | 205685052 | 自科二线400A/400A自科库 3排1列1层/ [索取号:TP391.13/D662] | 在馆 | |
| 2 | 568506 | 205685061 | 自科库301/301自科库 64排5列3层/ [索取号:TP391.13/D662] | 在馆 | |
| 3 | 568507 | 205685070 | 自科库301/301自科库 64排5列3层/ [索取号:TP391.13/D662] | 在馆 |